<?xml version="1.0" encoding="UTF-8"?>
<marc:record xmlns:marc="http://www.loc.gov/MARC21/slim">
   <marc:leader>00000nam a2200000 a 4500</marc:leader>
   <marc:datafield ind1="1" ind2=" " tag="100">
      <marc:subfield code="a">Indridason, Arnaldur</marc:subfield>
      <marc:subfield code="4">aut</marc:subfield>
      <marc:subfield code="e">Verfasser/-in</marc:subfield>
   </marc:datafield>
   <marc:datafield ind1="1" ind2=" " tag="100">
      <marc:subfield code="a">Bürling, Coletta</marc:subfield>
      <marc:subfield code="4">trl</marc:subfield>
      <marc:subfield code="e">Übersetzer/-in</marc:subfield>
   </marc:datafield>
   <marc:datafield ind1="0" ind2="0" tag="245">
      <marc:subfield code="a">Schattenwege</marc:subfield>
   </marc:datafield>
   <marc:datafield ind1="0" ind2="0" tag="245">
      <marc:subfield code="b">Island Krimi</marc:subfield>
   </marc:datafield>
   <marc:datafield ind1="0" ind2="0" tag="245">
      <marc:subfield code="c">Arnaldur Indridason. Übersetzung aus dem Isländ. von Coletta Bürling</marc:subfield>
   </marc:datafield>
   <marc:datafield ind1=" " ind2="1" tag="264">
      <marc:subfield code="a">Köln</marc:subfield>
      <marc:subfield code="b">Lübbe Ehrenwirth</marc:subfield>
      <marc:subfield code="c">2015</marc:subfield>
   </marc:datafield>
   <marc:datafield ind1="1" ind2=" " tag="520">
      <marc:subfield code="a">Ein alleinstehender älterer Mann wird ermordet in seiner Wohnung entdeckt. Auf seinem Tisch liegen Zeitungsberichte über einen Mordfall aus den Kriegsjahren: Die junge Rósmunda war damals erdrosselt am Nationaltheater in Reykjavik aufgefunden worden. Die Wohnung des alten Mannes wirkt abgesehen von diesen Artikeln unverdächtig. Bei einem gemeinsamen Essen mit seiner ehemaligen Kollegin Marta erfährt der pensionierte Polizist Konrád von dem Fall. Als sie ihm von den Zeitungsberichten erzählt, wird er hellhörig, denn dieser Fall ist ihm aus seiner Kindheit bekannt ... (Verlagstext)</marc:subfield>
   </marc:datafield>
   <marc:datafield ind1=" " ind2=" " tag="020">
      <marc:subfield code="a">9783431039283</marc:subfield>
      <marc:subfield code="9">9783431039283</marc:subfield>
   </marc:datafield>
   <marc:datafield ind1=" " ind2=" " tag="020">
      <marc:subfield code="a">3431039286</marc:subfield>
      <marc:subfield code="9">3431039286</marc:subfield>
   </marc:datafield>
   <marc:datafield ind1=" " ind2=" " tag="300">
      <marc:subfield code="a">427 S.</marc:subfield>
   </marc:datafield>
</marc:record>
